000 00476cam a2200193ua 4500
001 9077
008 150220n ii |||gr||||Z||||||asm
020 _a9789381784235
040 _cMAIN
041 _aasm
082 _a891.451
100 _aNath, D.,
_eAuthor.
245 1 _aAsomiya shahitya aru sanskriti
_cBy Dipen Nath
250 _a1st.
260 _aJorhat:
_bBidyabhawan,
_c2012.
300 _a374p.
653 _aEast Indo-European & Celtic literatures
942 _cBK
999 _c8167
_d8167